000 00352 a2200157 4500
003 Nust
005 20170207154027.0
020 _a9780953728046
040 _cNust
082 _a621.325
245 _aVerilog (Golden Reference Guide) ((E-BOOK)
_cDoulos
260 _aLondon
_bDoulos
_c1996
300 _a151 p.
505 _aNot available
650 _aE-BOOK
942 _2ddc
_cBK
999 _c191957
_d191957